000 00313nam a2200145Ia 4500
008 240112s2016 xx 000 0 und d
022 _a195863
041 _aeng
082 _a612
100 _aMAROLI S.
245 _aINDIAN MEDICAL GAZETTE
260 _bIMG
_c2016
300 _a1-415
_c1-6
440 _vCL
999 _c1145013
_d1145013